Trilogi cinta (Record no. 61537)

MARC details
000 -LEADER
fixed length control field 00621nam a2200241 i 4500
001 - CONTROL NUMBER
control field C2-0247695
003 - CONTROL NUMBER IDENTIFIER
control field PPAK
005 - DATE AND TIME OF LATEST TRANSACTION
control field 20180727212223.0
008 - FIXED-LENGTH DATA ELEMENTS--GENERAL INFORMATION
fixed length control field 030329s2002 my |||| ||||| | may d
020 ## - INTERNATIONAL STANDARD BOOK NUMBER
International Standard Book Number 9676113433
040 ## - CATALOGING SOURCE
Original cataloging agency PPAK
Language of cataloging eng
Transcribing agency PPAK
Description conventions rda
082 04 - DEWEY DECIMAL CLASSIFICATION NUMBER
Classification number 899.233
Edition number 23
090 00 - LOCALLY ASSIGNED LC-TYPE CALL NUMBER (OCLC); LOCAL CALL NUMBER (RLIN)
Classification number (OCLC) (R) ; Classification number, CALL (RLIN) (NR) 899.233
Feature heading SIT
Feature heading G
100 0# - MAIN ENTRY--PERSONAL NAME
Personal name Siti Jasmina Ibrahim,
Relator term author
245 10 - TITLE STATEMENT
Title Trilogi cinta
264 #1 - PRODUCTION, PUBLICATION, DISTRIBUTION, MANUFACTURE, AND COPYRIGHT NOTICE
Place of production, publication, distribution, manufacture Kuala Lumpur :
Name of producer, publisher, distributor, manufacturer Utusan ,
Date of production, publication, distribution, manufacture, or copyright notice 2002
300 ## - PHYSICAL DESCRIPTION
Extent 185 pages ;
Dimensions 18 cm
336 ## - CONTENT TYPE
Source rdacontent
Content type term text
337 ## - MEDIA TYPE
Source rdamedia
Media type term unmediated
338 ## - CARRIER TYPE
Source rdacarrier
Carrier type term volume
650 10 - SUBJECT ADDED ENTRY--TOPICAL TERM
Topical term or geographic name entry element Malay fiction.
942 ## - ADDED ENTRY ELEMENTS (KOHA)
-- dc
Koha item type Book
Holdings
Withdrawn Not for loan Current library Shelving location Date acquired Full call number Barcode Date last seen Koha item type Total Checkouts
    Perpustakaan Baling Pinjaman Dewasa 07/04/2003 899.233 SIT A01024486 08/05/2018 Book  
    Perpustakaan Baling Pinjaman Dewasa 07/04/2003 899.233 SIT A01024487 08/05/2018 Book  
    PD15, Kg. Naga, Kepala Batas Pinjaman Dewasa 19/11/2003 899.233 SIT A01061718 08/05/2018 Book  
    PD37, Kg. Belat, Pendang Pinjaman Dewasa 19/11/2003 899.233 SIT A01061716 08/05/2018 Book  
    PD39, Felda Bukit Tembaga, Kuala Nerang Pinjaman Dewasa 19/11/2003 899.233 SIT A01061719 08/05/2018 Book